Name the Sport by the Pitch - Statistics

General Stats
  • This quiz has been taken 16 times
  • The average score is 12 of 16
Answer Stats
Picture Answer % Correct
Baseball
100%
Basketball
100%
Ice Hockey
100%
Table Tennis
100%
Bowling
93%
Football
93%
Volleyball
87%
Boxing
80%
American Football
73%
Badminton
73%
Rugby
73%
Squash
73%
Cricket
53%
Handball
47%
Futsal
40%
Netball
33%
No matching quizzes found
Score Distribution
Percent of People with Each Score
Percentile by Number Answered
Your Score History
You have not taken this quiz